000 00509cam a22001931 4500
001 sa 64006527
003 DLC
005 20260227112040.0
008 890403s1962 io 000 0 ind
010 _asa 64006527
035 _a(OCoLC)23569525
040 _aDLC
_cMiU
_dDLC
042 _apremarc
050 0 0 _aDS644
_b.2 1962.S95
100 0 _aSoekarno,
_d1901-1970.
245 1 0 _aPersatuan total dengan poros Nasakom.
260 _a[Djakarta]
_bDepartemen Penerangan
_c[1962?]
300 _a22 p.
_c22 cm.
999 _c59751
_d59751